Material Matters : New Materials in Design /

Furkejuvvon:
Bibliográfalaš dieđut
Váldodahkki: Howes, Philip (autor)
Eará dahkkit: Laughlin, Zoe (autor) (autor)
Materiálatiipa: Girji
Giella:eaŋgalasgiella
Almmustuhtton: Londres, Inglaterra : Black Dog, 2012, c2012
Fáttát:
Fáddágilkorat: Lasit fáddágilkoriid
Eai fáddágilkorat, Lasit vuosttaš fáddágilkora!

MARC

LEADER 00000nam^a2200000^a^4500
001 000349453
005 20250521000000.0
008 080904 20122012
009 20260310114912.402
020 |a 978-1-907317-73-6 
037 |a Acervo ITESO - Biblioteca 
041 |a ING 
082 |a 702. 8  |b HOW 
100 |a Howes, Philip  |e (autor) 
245 1 0 |a Material Matters :  |b New Materials in Design /  |c P. Howes, Z. Laughlin. 
264 4 |a Londres, Inglaterra :  |b Black Dog,  |c 2012, c2012 
300 |a 237 p. 
336 |a texto  |b txt  |2 rdacontenido 
337 |a sin mediación  |b n  |2 rdamedio 
338 |a volumen  |b nc  |2 rdasoporte 
649 |a XX 
650 |a Metales 
650 |a Vidrio 
650 |a Cerámica y Mampostería 
650 |a Polímeros 
650 |a Concreto 
650 |a Materiales -  |x Tema Principal 
650 |a Materiales de Construcción 
650 |a Arquitectura -  |x Técnica 
650 |a Diseño -  |x Materiales y Equipo 
650 |a Diseño -  |x Técnica 
650 |a Decoración y Ornamentación -  |x Materiales y Equipo 
650 |a Decoración y Ornamentación -  |x Técnica 
650 |a Arte -  |x Materiales y Equipo -  |x Tema Principal 
650 |a Arte -  |x Técnica 
700 |a Laughlin, Zoe  |e (autor) 
910 |a Fondo General 
920 |a Impresos - Libros 
930 |a Colección General 
905 |a 101 
901 |a 0500239755  |b IT1  |c ACC  |i C144012  |u 20250521 
902 |a https://opac.biblio.iteso.mx/vufind/Record/000349453